000
00324nam a22001337a 4500
008
170203b xxu||||| |||| 00| 0 eng d
020
_a
9780827379985`
041
_a
eng
080
_2
3RD
_a
61
100
_a
3
101
_a
SHM
245
_a
BASIC CLINICAL LAB FOR COMPETENCIES RESPIRATORY CARE
_c
WHITE, G.C
942
_2
udc
_c
BK
999
_c
4485
_d
4485